00546nam a22002057a 450000500170000001000130001702000100003003500130004003700160005304000120006908200150008110000240009624500960012026000360021627000130025230000250026550000200029065000130031065000170032320170124105939.0 aA-550079 c00.00 aA-550079 bCen Lib/Ret aDPLbEN a239.42CHE aChetanananda, Swami aThey lived god :cby swami Chetananandablife stories of some devotees of sri Ramakrishna / aCalcuttabAdvaita Ashramac1989 bCalcutta axiv,434p. c21cm(Hb) aIncludes index  aHinduism aHindu ethics